بہا ر کے معا صر ا فسا نہ نگا ر(تنقيد) (Record no. 165046)

MARC details
000 -LEADER
fixed length control field 00693nam a22001937a 4500
005 - DATE AND TIME OF LATEST TRANSACTION
control field 20190603173208.0
010 ## - LCCN (DPL NO)
LC control number UR-10177
020 ## - INTERNATIONAL STANDARD BOOK NUMBER
Terms of availability 380.00
International Standard Book Number 9789387539440
035 ## - SYSTEM CONTROL NUMBER
System control number U-8732
037 ## - SOURCE OF ACQUISITION
Source of stock number/acquisition DBAD/PUB
082 ## - DEWEY DECIMAL CLASSIFICATION NUMBER
Classification number 840.08
100 ## - MAIN ENTRY--PERSONAL NAME
Personal name آ فتا ب عا لم
245 ## - TITLE STATEMENT
Title بہا ر کے معا صر ا فسا نہ نگا ر(تنقيد)
Statement of responsibility, etc آ فتا ب عا لم
246 ## - VARYING FORM OF TITLE
Remainder of title Bihar ke Moasir Afsana Nigar (Urdu)
Title proper/short title by Aftab Alam
260 ## - PUBLICATION, DISTRIBUTION, ETC. (IMPRINT)
Place of publication, distribution, etc Delhi
Name of publisher, distributor, etc Educational Publishing House
Date of publication, distribution, etc 2017 ء
270 ## - ADDRESS
Address 3191،Vakil Street,Kucha Pandit,Lal Kuan,
City Delhi
Postal code 110006
Telephone number 23216162
Fax number 00911123211540
300 ## - PHYSICAL DESCRIPTION
Extent 332 ص
Dimensions 22 Cm(B.b)
942 ## - ADDED ENTRY ELEMENTS (KOHA)
Source of classification or shelving scheme Dewey Decimal Classification
Item type Urdu Bks
Classification part 840.08
Call number suffix آ ف ت
Holdings
Withdrawn status Lost status Not for loan Collection code Home library Current library Date acquired Source of acquisition Cost, normal purchase price Full call number Barcode Copy number Cost, replacement price Koha item type
    Not For Loan Non-fiction D.B.Act.Division D.B.Act.Division 03/06/2019 DBAD/PUB 380.00 840.08 آ ف ت U-8732 1 380.00 Urdu Bks

© Delhi Public Library
Hit Counter
free hit counter